Everyday human values whats your score / (Record no. 64081)

MARC details
000 -LEADER
fixed length control field 00580nam a22001577a 4500
005 - DATE AND TIME OF LATEST TRANSACTION
control field 20120316153852.0
020 ## - INTERNATIONAL STANDARD BOOK NUMBER
International Standard Book Number 8120721365
Terms of availability 00.00
035 ## - SYSTEM CONTROL NUMBER
System control number A-949627
037 ## - SOURCE OF ACQUISITION
Stock number DPL
Source of stock number/acquisition ENG
100 ## - MAIN ENTRY--PERSONAL NAME
Personal name Jagadeesan
245 ## - TITLE STATEMENT
Title Everyday human values whats your score /
Statement of responsibility, etc by Jagdadeesan
260 ## - PUBLICATION, DISTRIBUTION, ETC. (IMPRINT)
Place of publication, distribution, etc New Delhi
Name of publisher, distributor, etc Sterling Paperbacks
Date of publication, distribution, etc 1998
300 ## - PHYSICAL DESCRIPTION
Extent vi, 154p.
Dimensions 18 cms.
942 ## - ADDED ENTRY ELEMENTS (KOHA)
Source of classification or shelving scheme Dewey Decimal Classification
Item type English Books
Classification part 171.2
Call number suffix JAG
Holdings
Withdrawn status Lost status Not for loan Collection code Home library Current library Date acquired Cost, normal purchase price Full call number Barcode Cost, replacement price Koha item type
      Non-fiction Sarojini Nagar Sarojini Nagar 16/03/2012 0.00 171.2 JAG A-949627 0.00 English Books

© Delhi Public Library
Hit Counter
free hit counter